01656nam a2200241Ia 4500001000600000003000900006008004100015040001300056040001300069041001300082100002200095100002900117245003100146245003100177250001100208260000900219260001200228260004900240300005700289500101000346650002701356650003101383B6138IT-RoPAU130308s9999 xx 000 0 und d aIT-RoPAU cIT-RoPAU aITALIANO aGiacovelli Enrico gCodice Aut. SPICS: 21321 aCommedia all'Italiana (La) bCommedia All'Italiana (La) a1a ed. aROMA bGremese c1990 [1° Ed.:1990 - Ed.Ling.Originale:1990] a"256 p. (prefazione: no ; testo: 256 [pagine: 0-0])" aCos'E' la commedia e la commedia All'Italiana. commedie e Critici All'Italiana. breve Storia della commedia Cinematografica in Italia: Origini teatrali e Letterarie, Rosa e Nero, commedia di Regime, neorealismo e Commedia, Ascesa e Declino del neorealismo Rosa Negli Anni 50, Ai margini del neorealismo Rosa, Filone Balneare o delle Storie Parallele, commedie Tursitiche Calcistiche e Giudiziarie, tentativi di satira Politica, Storie di Donne. commedia del boom (1958/1964), commedia Meridionalistica, commedia al Femminile, commedia fantastica e Fantascientifica, commedia di Viaggi, Monografie, commedia Gialla e commedia Nera, commedia Politica, Grottesco e commedie Erotico Brillanti, commedia dei Vecchi e dei Giovani. luoghi della commedia All'Italiana: palazzi del Boom, Automobile, Televisione, Spiaggia, festa e Ballo, Canzonetta, Gioco del Calcio, Funerale. Schede biografiche di 123 Fra Registi, Sceneggiatori e Attori. Elenco di 962 Film che Hanno Fatto la Storia del Genere dal 1930 al 1990. aGENERI CINEMATOGRAFICI eCodice materia Spics: 6810